Textbook Of Microbiology (Record no. 1216387)

MARC details
000 -LEADER
fixed length control field 00353nam a2200145Ia 4500
008 - FIXED-LENGTH DATA ELEMENTS--GENERAL INFORMATION
fixed length control field 260223s2022 xx 000 0 und d
020 ## - INTERNATIONAL STANDARD BOOK NUMBER
International Standard Book Number 9789383290451
041 ## - LANGUAGE CODE
Language code of text/sound track or separate title eng
082 ## - DEWEY DECIMAL CLASSIFICATION NUMBER
Classification number 616.01/RAH
100 ## - MAIN ENTRY--PERSONAL NAME
Personal name Rahane Sanjay
245 ## - TITLE STATEMENT
Title Textbook Of Microbiology
260 ## - PUBLICATION, DISTRIBUTION, ETC.
Place of publication, distribution, etc. B.S.B. Pune
Name of publisher, distributor, etc. PV, Pub
Date of publication, distribution, etc. 2022
300 ## - PHYSICAL DESCRIPTION
Extent 166P
650 ## - SUBJECT ADDED ENTRY--TOPICAL TERM
Topical term or geographic name entry element Microbiology
Holdings
Withdrawn status Lost status Damaged status Not for loan Home library Current library Date acquired Cost, normal purchase price Total Checkouts Full call number Barcode Date last seen Price effective from Koha item type
        College of Nursing, Navi Mumbai College of Nursing, Navi Mumbai 22/01/2026 225.00   616.01/RAH NCM-N-4474 23/02/2026 23/02/2026 Book